SDH/SONET explained in functional models : (Record no. 175707)

000 -LEADER
fixed length control field 01260 a2200241 4500
003 - CONTROL NUMBER IDENTIFIER
control field Nust
005 - DATE AND TIME OF LATEST TRANSACTION
control field 20220816191155.0
010 ## - LIBRARY OF CONGRESS CONTROL NUMBER
LC control number 2006530740
020 ## - INTERNATIONAL STANDARD BOOK NUMBER
International Standard Book Number 0470091231
035 ## - SYSTEM CONTROL NUMBER
System control number (OCoLC)ocm56642894
040 ## - CATALOGING SOURCE
Transcribing agency Nust
082 04 - DEWEY DECIMAL CLASSIFICATION NUMBER
Classification number 621.3821,HEL
100 1# - MAIN ENTRY--PERSONAL NAME
Personal name Helvoort, Huub van.
9 (RLIN) 59169
245 10 - TITLE STATEMENT
Title SDH/SONET explained in functional models :
Remainder of title modeling the optical transport network /
Statement of responsibility, etc. Huub van Helvoort.
260 ## - PUBLICATION, DISTRIBUTION, ETC.
Place of publication, distribution, etc. Chichester ;
-- Hoboken, NJ :
Name of publisher, distributor, etc. Wiley,
Date of publication, distribution, etc. c2005.
300 ## - PHYSICAL DESCRIPTION
Extent xvii, 282 p. :
Other physical details ill. ;
Dimensions 24 cm.
505 ## - FORMATTED CONTENTS NOTE
Formatted contents note Introduction (Page-1), Functional Modeling (Page-11), Partitioning and Layering Page 49,Expansion and Reduction (Page-61), Adaption Functions (Page-69), Trail Termination Functions (Page-99),Connection Functions (Page-123), Connection Supervision (Page-143), Protection Models (Page-155), Compound Functional Models and Their Decomposition (Page-179), Example Functional Models to Exercise (Page-219).
650 #0 - SUBJECT ADDED ENTRY--TOPICAL TERM
Topical term or geographic name entry element SONET (Data transmission)
9 (RLIN) 56039
650 #0 - SUBJECT ADDED ENTRY--TOPICAL TERM
Topical term or geographic name entry element Telecommunication Engineering
856 42 - ELECTRONIC LOCATION AND ACCESS
Materials specified Publisher description
Uniform Resource Identifier <a href="http://www.loc.gov/catdir/enhancements/fy0653/2006530740-d.html">http://www.loc.gov/catdir/enhancements/fy0653/2006530740-d.html</a>
856 42 - ELECTRONIC LOCATION AND ACCESS
Materials specified Table of contents only
Uniform Resource Identifier <a href="http://www.loc.gov/catdir/enhancements/fy0653/2006530740-t.html">http://www.loc.gov/catdir/enhancements/fy0653/2006530740-t.html</a>
942 ## - ADDED ENTRY ELEMENTS (KOHA)
Koha item type Reference
Source of classification or shelving scheme
Holdings
Withdrawn status Lost status Source of classification or shelving scheme Damaged status Not for loan Permanent Location Current Location Shelving location Date acquired Full call number Barcode Date last seen Price effective from Koha item type Public note
          Military College of Signals (MCS) Military College of Signals (MCS) Reference 12/12/2016 621.3821,HEL MCS32451 12/08/2016 12/12/2016 Reference Almirah No.22, Shelf No.2
© 2023 Central Library, National University of Sciences and Technology. All Rights Reserved.